[Event "Arco op 31st"]
[Site "Arco"]
[Date "2009.10.24"]
[Round "9"]
[White "Maneschi, Giuseppe"]
[Black "Grant, Jonathan"]
[Result "0-1"]
[WhiteElo "2072"]
[BlackElo "2254"]
[PlyCount "110"]
[EventDate "2009.10.17"]
[EventType "swiss"]
[EventRounds "9"]
[EventCountry "ITA"]
[SourceTitle "EXT 2010"]
[Source "ChessBase"]
[SourceDate "2010.11.25"]
[SourceVersion "1"]
[SourceVersionDate "2010.11.25"]
[SourceQuality "1"]

1. c4 c5 2. g3 g6 3. Bg2 Bg7 4. e3 Nc6 5. Ne2 e5 6. Nbc3 Nge7 7. d3 0-0 8. 0-0 d6 9. b3 Be6 10. Bb2 d5 11. e4 d4 12. Nd5 Qd7 13. a3 f5 14. f3 Rab8 15. Qd2 b5 16. Qc2 bxc4 17. bxc4 Na5 18. Rab1 Bxd5 19. exd5 f4 20. g4 Rb6 21. Ba1 g5 22. Rxb6 axb6 23. Rb1 Rf6 24. Rb5 Ng6 25. Bb2 h5 26. h3 hxg4 27. hxg4 Bf8 28. Nc1 e4 29. dxe4 Ne5 30. Nd3 Naxc4 31. Nxe5 Nxe5 32. a4 Rh6 33. Qd1 Qd6 34. Qf1 Rh7 35. Kf2 Qh6 36. Qg1 Nc4 37. Ke2 Qh2 38. Qxh2 Rxh2 39. Bxd4 cxd4 40. Kd3 Na3 41. Rb2 Bc5 42. e5 Kf7 43. a5 bxa5 44. Rb7+ Ke8 45. Rc7 Bb4 46. Bf1 Rf2 47. Be2 Nb5 48. Rb7 Nc3 49. Bd1 Nxd1 50. Ke4 Ne3 51. d6 d3 52. Kxd3 Rd2+ 53. Ke4 Bc3 54. Rb8+ Kf7 55. Rb7+ Kg6 0-1

[Event "Arco op 29th"]
[Site "Arco"]
[Date "2007.10.24"]
[Round "5"]
[White "Maneschi, Giuseppe"]
[Black "Schaefer, Michael"]
[Result "1/2-1/2"]
[WhiteElo "2071"]
[BlackElo "2247"]
[PlyCount "35"]
[EventDate "2007.10.20"]
[EventType "swiss"]
[EventRounds "9"]
[EventCountry "ITA"]
[SourceTitle "CBM 120 Extra"]
[Source "ChessBase"]
[SourceDate "2007.11.01"]
[SourceVersion "1"]
[SourceVersionDate "2007.11.01"]
[SourceQuality "1"]

1. c4 e6 2. g3 d5 3. Bg2 Nf6 4. Nf3 Be7 5. 0-0 0-0 6. Qc2 c5 7. d4 cxd4 8. Nxd4 Nc6 9. Rd1 Qb6 10. Nxc6 bxc6 11. Nc3 Ba6 12. Na4 Qb4 13. b3 Rac8 14. a3 Qb8 15. c5 Rcd8 16. b4 Qe5 17. Nc3 Qb8 18. e3 1/2-1/2

[Event "Venice Autumn op 09th"]
[Site "Venice"]
[Date "2003.11.01"]
[Round "3"]
[White "Roberti, Ignazio"]
[Black "Maneschi, Giuseppe"]
[Result "1/2-1/2"]
[WhiteElo "1990"]
[BlackElo "2091"]
[PlyCount "28"]
[EventDate "2003.10.30"]
[EventType "swiss"]
[EventRounds "6"]
[EventCountry "ITA"]
[SourceTitle "EXT 2004"]
[Source "ChessBase"]
[SourceDate "2003.11.25"]
[SourceVersion "1"]
[SourceVersionDate "2003.11.25"]
[SourceQuality "1"]

1. e4 d6 2. d4 Nf6 3. Nc3 g6 4. Nf3 Bg7 5. Bd3 0-0 6. 0-0 Bg4 7. h3 Bxf3 8. Qxf3 Nc6 9. Ne2 e5 10. c3 Nd7 11. Be3 Ne7 12. g4 c5 13. d5 Kh8 14. Ng3 Ng8 1/2-1/2